1344 1142 1268 1232 1735 1554 1170 1833 1945 1737 1398 1977 1260 1963 1289 1119 1608 1959 1050 1365 1698 1378 1537 1333 1591 1720 1560 1842 1983 1300 1011 1906 1683 1497 1053 1518 1782 1620 1106 1801 1024 1687 1216 1404 1333 1470 1124 1966 1238 1540 1324 1044 1954 1424 1617 1758 1745 1224 1974 1159 1332 1652 1004 1263 1079 1535 1861 1509 1242 1876 1158 1500 1078 1864 1353 1358 1652 1142 1627 1899 1208 1109 1012 1885 1552 1114 1394 1614 1339 1523 1501 1378 1892 1809 1925 1224 1141 1202 1954 BCNSPRNW ULIB Ver.6.0+V

เปลี่ยนเป็นภาษาไทย

Change to English
 แสดงรายละเอียดบรรณานุกรม
  กลับหน้าหลัก

Brief Record : Get Marc (ISO 2709) : E-mail record : QR code < ปิดหน้าต่าง
LEADER : 00000nam 2200000uu 4500
001    13399108171
003     ULIB
008    110220s2552||||th 000 0 tha d
020    9789748377292(ล.1)
060 04 WY100^bว585ค ล.1
245 00 คู่มือการวางแผนการพยาบาลโดยใช้กระบวนการพยาบาล.^nเล่มที่ 1/^cโดย คณะกรรมการพัฒนาการวางแผนการพยาบาลโดยใช้กระบวนการพยาบาล วิทยาลัยพยาบาลกองทัพบก
250    พิมพ์ครั้งที่ 2
260    กรุงเทพฯ :^bวิทยาลัยพยาบาลวิทยาลัยพยาบาลกองทัพบก,^c2552
300    [15], 159 หน้า ;^c30 ซม.
650  7 การพยาบาล
650  7 การวางแผนการพยาบาล
710 2  วิทยาลัยพยาบาลกองทัพบก.^bคณะกรรมการพัฒนาการวางแผนการพยาบาลโดยใช้กระบวนการพยาบาล
945    ^p200^l0^i029715
945    ^p200^l0^i029713
945    ^p200^l0^i029712
945    ^p200^l0^i029711
945    ^p200^l0^i029710
945    ^p200^l0^i029708
945    ^p200^l0^i029707
945    ^p200^l0^i026821
945    ^p200^l0^i026819
945    ^p200^l0^i029714
945    ^p200^l0^i029709
945    ^p200^l0^i029706
945    ^p200^l0^i026820
945    ^p0^l0^i001494
945    ^p0^l0^i001496
995    ทศพร
999 ^a ใช้งานได้ทุกระบบ
รายการนี้ยังไม่มีแท็ก
คุณยังไม่ได้ล็อกอิน คุณสามารถมีกิจกรรมร่วมกับเว็บไซต์ได้ แต่ต้องล็อกอินก่อน ::
  ล็อกอิน

รายการสื่อสารสนเทศ

ลำดับที่ ประเภท เลขเรียก/บาร์โค้ด สถานที่ สถานะ
1. Book การพยาบาล
Book การพยาบาล
WY100 ว585ค ล.1 ฉ.14 
  Barcode: 001494
ห้องสมุดวิทยาเขตสวรรค์ประชารักษ์
►หนังสือทั่วไป
บนชั้น
2. Book การพยาบาล
Book การพยาบาล
WY100 ว585ค ล.1 ฉ.15 
  Barcode: 001496
ห้องสมุดวิทยาเขตสวรรค์ประชารักษ์
►หนังสือทั่วไป
บนชั้น
3. Book การพยาบาล
Book การพยาบาล
สถานะ=หนังสือเก่า
WY100 ว585ค ล.1 ฉ.5 
  Barcode: 029707
ห้องสมุดวิทยาเขตนครสวรรค์
►ส่วนจัดเก็บหนังสือเก่า นว.
บนชั้น
  ขอยืม
4. Book การพยาบาล
Book การพยาบาล
สถานะ=หนังสือเก่า
WY100 ว585ค ล.1 ฉ.9 
  Barcode: 029711
ห้องสมุดวิทยาเขตสวรรค์ประชารักษ์
►หนังสือทั่วไป
ถูกยืม กำหนดส่งวันที่ 4 กรกฎาคม 2568
  จอง

รายการใกล้เคียง
    หัวเรื่อง [การพยาบาล]
    หัวเรื่อง [การวางแผนการพยาบาล]

BibComment


ยังไม่เคยถูกคอมเมนท์

คอมเมนท์ทรัพยากรรายการนี้
  คอมเมนท์: คู่มือการวางแผนกา..


 Copyright 2026. Bcnsprnw @Library